Corrosion engineering (Record no. 1267)

000 -LEADER
fixed length control field 00569nam a22002177a 4500
001 - CONTROL NUMBER
control field 1267
003 - CONTROL NUMBER IDENTIFIER
control field BD-DhUET
008 - FIXED-LENGTH DATA ELEMENTS--GENERAL INFORMATION
fixed length control field 140902b xxu||||| |||| 00| 0 eng d
020 ## - INTERNATIONAL STANDARD BOOK NUMBER
International Standard Book Number 9789848725085
040 ## - CATALOGING SOURCE
Transcribing agency 0
Modifying agency BD-DhUET
082 ## - DEWEY DECIMAL CLASSIFICATION NUMBER
Classification number 620.1122
Item number NOO/2009
100 ## - MAIN ENTRY--PERSONAL NAME
Personal name Nooruddin Ahmed
245 ## - TITLE STATEMENT
Title Corrosion engineering
Remainder of title an introductory text
250 ## - EDITION STATEMENT
Edition statement 1st ed.
260 ## - PUBLICATION, DISTRIBUTION, ETC. (IMPRINT)
Place of publication, distribution, etc. Dhaka
Name of publisher, distributor, etc. N. Ahmed and I. Mahmud
Date of publication, distribution, etc. 2009
300 ## - PHYSICAL DESCRIPTION
Extent xviii, 261 p.
504 ## - BIBLIOGRAPHY, ETC. NOTE
Bibliography, etc Includes bibliographies
650 #0 - SUBJECT ADDED ENTRY--TOPICAL TERM
Topical term or geographic name as entry element Corrosion and anti-Corrosion
700 ## - ADDED ENTRY--PERSONAL NAME
Personal name Iqbal Mahmud
942 ## - ADDED ENTRY ELEMENTS (KOHA)
Koha item type General Book
Holdings
Piece designation (barcode) Damaged status Sublocation or collection (holding branch) Withdrawn status Copy number Source of classification or shelving scheme Koha normalized classification for sorting Koha out on loan Not for loan Koha issues (times borrowed) Price effective from Date acquired Lost status Koha date last borrowed Koha full call number Shelving location Location (home branch) Koha date last seen Koha item type
107513 Central Library, BUET 8 620_000000000000000_1122NOO200  22014-09-022014-09-02 2021-08-28620.1122/NOO/2009Circulation sectionCentral Library, BUET2021-08-28General Book
107507 Central Library, BUET 8 620_000000000000000_1122NOO200  252014-09-022014-09-02 2021-09-06620.1122/NOO/2009Circulation sectionCentral Library, BUET2021-09-06General Book
107508 Central Library, BUET 8 620_000000000000000_1122NOO200  12014-09-022014-09-02 2021-08-28620.1122/NOO/2009Circulation sectionCentral Library, BUET2021-08-28General Book
107506 Central Library, BUET   620_000000000000000_1122NOO200  12014-09-022014-09-02 2021-08-28620.1122/NOO/2009Circulation sectionCentral Library, BUET2021-08-28General Book
107512 Central Library, BUET   620_000000000000000_1122NOO200  12014-09-022014-09-02 2021-08-28620.1122/NOO/2009Circulation sectionCentral Library, BUET2021-08-28General Book
107509 Central Library, BUET   620_000000000000000_1122NOO2002025-12-15 52014-09-022014-09-02 2025-12-01620.1122/NOO/2009Circulation sectionCentral Library, BUET2025-12-01General Book
107505 Central Library, BUET   620_000000000000000_1122NOO200  382014-09-022014-09-02 2024-10-21620.1122/NOO/2009Circulation sectionCentral Library, BUET2024-10-21General Book
107511 Central Library, BUET   620_000000000000000_1122NOO200  12014-09-022014-09-02 2021-08-28620.1122/NOO/2009Circulation sectionCentral Library, BUET2021-08-28General Book
107504 Central Library, BUET   620_000000000000000_1122NOO200  12014-09-022014-09-02 2021-08-28620.1122/NOO/2009Circulation sectionCentral Library, BUET2021-08-28General Book
107510 Central Library, BUET 1 620_112200000000000_NOO_2009  12018-04-282010-01-13 2021-08-28620.1122/NOO/2009Circulation sectionCentral Library, BUET2021-08-28General Book